|
|
|
|
| LEADER |
00878nam a22002535a 4500 |
| 001 |
6787 |
| 003 |
BD-DhAAL |
| 005 |
20150804121023.0 |
| 008 |
150803s1989 bg a 000 0 eng |
| 010 |
|
|
|a 90908619
|
| 020 |
|
|
|c 9844018196
|
| 040 |
|
|
|a DLC
|c DLC
|d DLC
|d BD-DhAAL
|
| 050 |
0 |
0 |
|a DS395.5
|b .S249 1989
|
| 082 |
|
|
|a 954.9205
|
| 100 |
1 |
|
|a Safiullah, K. M.
|9 13509
|
| 245 |
1 |
0 |
|a Bangladesh at war /
|c K.M. Safiullah.
|
| 260 |
|
|
|a Dhaka :
|b Academic Publishers,
|b Agamee Prakadhani,
|c 1989.
|
| 300 |
|
|
|a xiv, 248 p. :
|b ill. ;
|c 22 cm.
|
| 500 |
|
|
|a Account of the 1971 liberation war.
|
| 541 |
|
|
|e 6787
|
| 651 |
|
0 |
|a Bangladesh
|x History
|y Revolution, 1971.
|9 13510
|
| 942 |
|
|
|2 ddc
|c BK
|
| 999 |
|
|
|c 35149
|d 35149
|
| 952 |
|
|
|0 0
|1 0
|2 ddc
|4 0
|6 954_920500000000000_SAF
|7 0
|9 55100
|a SCL
|b SCL
|c GEN
|d 2015-08-04
|g 175.00
|l 5
|m 10
|o 954.9205 SAF
|p 3020006787
|r 2023-07-24
|s 2023-07-24
|t 1
|w 2015-08-04
|y BK
|